Smallest Country Containing Each Letter Quiz Stats

 Plays Quiz Updated Jul 2, 2018

Challenge
Share
Tweet
Embed
Score 0/26 Timer 04:00
0 Plays Today
Letter Country % Correct
AVatican City
96.2%
IVatican City
96.2%
NVatican City
96.2%
TVatican City
96.2%
VVatican City
96.2%
YVatican City
96.2%
CVatican City
96.2%
MMonaco
84.9%
OMonaco
84.9%
SSan Marino
77.3%
QQatar
75.5%
ELiechtenstein
74.6%
HLiechtenstein
74.6%
Letter Country % Correct
XLuxembourg
74.3%
FFiji
69.8%
RNauru
63.7%
UNauru
63.7%
PPalau
63.2%
LTuvalu
57.4%
KSt. Kitts and Nevis
53.8%
JJamaica
47.1%
BBarbados
45.5%
GGrenada
45.3%
DMarshall Islands
43.5%
ZBelize
37.3%
WeSwatini
37.1%

You're not logged in!

Compare scores with friends on all Sporcle quizzes.
OR
Log In

You Might Also Like...

Show Comments

Extras

Top Quizzes Today


Score Distribution

Your Account Isn't Verified!

In order to create a playlist on Sporcle, you need to verify the email address you used during registration. Go to your Sporcle Settings to finish the process.

Report this User

Report this user for behavior that violates our Community Guidelines.

Details: